Diseño de elementos de máquinas.

Guardat en:
Dades bibliogràfiques
Autor principal: Faires, Virgil Moring (autor)
Altres autors: Paniagua, Francisco (traducción), Giménez, Juan Salvador (texto revisado)
Format: Llibre
Publicat: Barcelona, España: Montaner y Simón, 1970.
Edició:Primera edición 1970.
Matèries:
Etiquetes: Afegir etiqueta
Sense etiquetes, Sigues el primer a etiquetar aquest registre!

MARC

LEADER 00000nam a2200000 a 4500
001 UCW1922
003 CL-VaPUC
005 20220905162825.0
008 220905t1970 ||||| |||| 00| 0 eng d
999 |c 216642  |d 216640 
020 |a 84-274-0306-2 
040 |c Pontificia Universidad Católica de Valparaíso 
082 0 4 |a 621.815 FAI 1970  |2 21 
100 0 |a Faires, Virgil Moring  |e autor  |9 305917 
245 1 0 |a Diseño de elementos de máquinas. 
250 |a Primera edición 1970.  |b Reimpresión 1977. 
260 |a Barcelona, España:  |b Montaner y Simón,  |c 1970. 
300 |a 802 páginas. 
500 |a c.4 Donación Biblioteca Ingeniería. Memo ING 08/2022. 18/08/2022. 
583 |a last modification  |c 19890118 00:00:00  |k Rodrigo Vera 
650 |a Maquinaria   |x Diseño  |9 861325 
700 |a Paniagua, Francisco  |e traducción  |9 876242 
700 |a Giménez, Juan Salvador  |e texto revisado  |9 876243 
942 |c BK  |2 ddc 
945 |d 19890118 00:00:00 
952 |0 0  |1 0  |2 ddc  |4 0  |6 621_815000000000000_FAI_1970  |7 0  |8 A  |9 586587  |a BIBMEC  |b BIBMEC  |c GEN  |d 2022-09-05  |e Donación  |i 5654560  |o 621.815 FAI 1970  |p 5654560  |r 2024-01-19  |t 1  |w 2022-09-05  |y BK  |k MEC